000 00256nam a22001217a 4500
008 170602b xxu||||| |||| 00| 0 eng d
041 _aeng
080 _a93
100 _a17
101 _ashh
245 _aVIETNAM/ A HISTORY
_cKARNOW, S
942 _2udc
_cBK
999 _c15532
_d15532